[Event "Barbera del Valles"]
[Site "XXXI Open del Valles"]
[Date "2008.07.09"]
[Round "5"]
[White "Narciso Dublan, Marc"]
[Black "Bruzon Batista, Lazaro"]
[Result "1/2-1/2"]
[WhiteElo "2525"]
[BlackElo "2592"]
[PlyCount "125"]
[EventDate "2008.07.??"]
[EventType "swiss"]
[EventRounds "9"]
[EventCountry "ESP"]
[SourceDate "2008.07.04"]

1. e4 c5 2. Nf3 e6 3. d4 cxd4 4. Nxd4 a6 5. Bd3 Qb6 6. Nb3 Qc7 7. O-O Nf6 8.
Nc3 b5 9. a3 d6 10. Bd2 Bb7 11. f4 Nbd7 12. Qf3 g6 13. Nd1 Bg7 14. Na5 O-O 15.
Nf2 Nc5 16. b4 Nxd3 17. cxd3 Rac8 18. Rac1 Qb8 19. Qe2 Ba8 20. Be3 Rxc1 21.
Rxc1 Rc8 22. Qd2 Rc7 23. Kf1 Nd7 24. Nb3 Qc8 25. Rxc7 Qxc7 26. Qc1 Qxc1+ 27.
Bxc1 f5 28. Ke2 Nf6 29. Ke3 Kf7 30. h3 Nd7 31. g4 Nb6 32. Nd2 Na4 33. Nf3 h6
34. Nh1 fxe4 35. dxe4 Nc3 36. Nf2 Na4 37. Ne1 Nb6 38. Kd3 Bf6 39. Nd1 Nd7 40.
Nc2 g5 41. f5 Ne5+ 42. Ke3 exf5 43. exf5 Bd8 44. Ne1 h5 45. gxh5 g4 46. Kf4 Bh4
47. hxg4 Bxe1 48. Be3 Bf3 49. Nf2 Bxf2 50. Bxf2 Bxg4 51. h6 Kg8 52. Bd4 Nc6 53.
Kxg4 Nxd4 54. f6 d5 55. Kg5 Kh7 56. f7 Ne6+ 57. Kf6 Nf8 58. Ke5 Kxh6 59. Kxd5
Kg7 60. Kc6 Kxf7 61. Kb6 Ne6 62. Kxa6 Nd4 63. Ka5 1/2-1/2

[Event "Barbera del Valles"]
[Site "XXXI Open del Valles"]
[Date "2008.07.09"]
[Round "5"]
[White "Pap, Misa"]
[Black "Asis Gargatagli, Hipolit"]
[Result "0-1"]
[WhiteElo "2495"]
[BlackElo "2396"]
[PlyCount "106"]
[EventDate "2008.07.??"]
[EventType "swiss"]
[EventRounds "9"]
[EventCountry "ESP"]
[SourceDate "2008.07.04"]

1. e4 e5 2. Nf3 Nc6 3. d4 exd4 4. Bc4 Nf6 5. e5 Ne4 6. O-O d5 7. exd6 Nxd6 8.
Bd5 Nf5 9. Re1+ Be7 10. Bxc6+ bxc6 11. g4 Nh6 12. Bxh6 gxh6 13. Qxd4 Qxd4 14.
Nxd4 Kf8 15. h3 Bf6 16. c3 h5 17. gxh5 Rg8+ 18. Kh2 Bg5 19. Ne2 Rb8 20. b3 Rb5
21. Ng3 Bf4 22. Re4 Bd6 23. Nd2 Rxh5 24. h4 f5 25. Ra4 Rh6 26. Nf3 f4 27. Ne4
Be7 28. Rg1 Bg4 29. Neg5 Rxg5 30. Nxg5 Rxh4+ 31. Kg2 Bxg5 32. f3 Bh3+ 33. Kf2
Be7 34. b4 Be6 35. Rxa7 Bd6 36. Ra8+ Kf7 37. a4 Bd5 38. a5 c5 39. Rb8 cxb4 40.
cxb4 Rh3 41. Rd1 Rxf3+ 42. Ke2 Re3+ 43. Kf2 c6 44. Rb7+ Ke6 45. a6 Rf3+ 46. Kg1
Ra3 47. a7 Ra2 48. Kf1 h5 49. Re1+ Kf5 50. Re8 f3 51. a8=Q Bc4+ 52. Re2 fxe2+
53. Kf2 Bg3+ 0-1

[Event "Barbera del Valles"]
[Site "XXXI Open del Valles"]
[Date "2008.07.09"]
[Round "5"]
[White "Ipatov, Alexander"]
[Black "Barsov, Alexei"]
[Result "1/2-1/2"]
[WhiteElo "2433"]
[BlackElo "2481"]
[PlyCount "95"]
[EventDate "2008.07.??"]
[EventType "swiss"]
[EventRounds "9"]
[EventCountry "ESP"]
[SourceDate "2008.07.04"]

1. d4 Nf6 2. c4 e6 3. Nf3 d5 4. e3 a6 5. b3 c5 6. Bb2 Nc6 7. a3 cxd4 8. exd4 g6
9. Be2 dxc4 10. bxc4 Bg7 11. O-O O-O 12. Qc2 b6 13. Nc3 Bb7 14. d5 exd5 15.
Nxd5 Nxd5 16. Bxg7 Kxg7 17. Rad1 Qf6 18. cxd5 Ne7 19. Qb3 Rad8 20. Bc4 b5 21.
a4 bxc4 22. Qxb7 c3 23. Rfe1 $11 Rfe8 24. h3 Nf5 25. Rxe8 Rxe8 26. Rc1 Nd4 27.
Nxd4 Qxd4 28. Qc6 Re5 29. Qxc3 Rxd5 30. Qb3 Rf5 31. Qc3 Rf4 32. a5 Qxc3 33.
Rxc3 Rf5 34. Ra3 g5 35. f3 Kf6 36. Kf2 Re5 37. Kg3 Kf5 38. Ra4 Rc5 39. h4 h6
40. h5 Kf6 41. Kg4 Kg7 42. Kg3 Rd5 43. Kg4 f5+ 44. Kg3 Kf6 45. Rb4 Rxa5 46.
Rb6+ Kg7 47. Rb7+ Kg8 48. Rb6 1/2-1/2

[Event "Barbera del Valles"]
[Site "XXXI Open del Valles"]
[Date "2008.07.09"]
[Round "5"]
[White "Guramishvili, Sopiko"]
[Black "Czakon, Jakub"]
[Result "0-1"]
[WhiteElo "2302"]
[BlackElo "2510"]
[PlyCount "136"]
[EventDate "2008.07.??"]
[EventType "swiss"]
[EventRounds "9"]
[EventCountry "ESP"]
[SourceDate "2008.07.04"]

1. d4 Nf6 2. c4 e6 3. Nf3 b6 4. Nc3 Bb4 5. Bg5 Bb7 6. e3 h6 7. Bh4 Bxc3+ 8.
bxc3 d6 9. Nd2 g5 10. Bg3 Nbd7 11. f3 Qe7 12. Qa4 Nh5 13. Bf2 f5 14. Bd3 a5 15.
Nb3 O-O-O 16. Rb1 Ndf6 17. c5 Qd7 18. Qxd7+ Nxd7 19. cxb6 cxb6 20. Ke2 Rhg8 21.
h3 Nhf6 22. Nd2 Kc7 23. Rb2 h5 24. c4 g4 25. hxg4 hxg4 26. Rbb1 Rh8 27. Rbf1
Rdg8 28. Nb1 Nh5 29. Nc3 Ndf6 30. Nb5+ Kd7 31. Nc3 gxf3+ 32. gxf3 Rg2 33. Rhg1
Rhg8 34. Rxg2 Rxg2 35. Rg1 Ng3+ 36. Ke1 Rxg1+ 37. Bxg1 Bxf3 38. Na4 Kc6 39. Nc3
Nge4 40. Nxe4 Bxe4 41. Be2 d5 42. a3 dxc4 43. Bxc4 Bd5 44. Bd3 b5 45. Kd2 Bc4
46. Bb1 Ng4 47. Kc3 Kd5 48. Bc2 Ba2 49. Kb2 Bc4 50. Kc3 Bf1 51. Bb3+ Kd6 52.
Bc2 Bg2 53. Bb3 Ke7 54. Bc2 Be4 55. Bd1 Kf6 56. Be2 Bc6 57. Bxg4 fxg4 58. Bh2
Kf5 59. Kd3 b4 60. axb4 Bb5+ 61. Kc3 a4 62. Be5 Ke4 63. Bf4 Kf3 64. Kc2 g3 65.
Kd2 g2 66. Bh2 Kf2 67. e4 g1=Q 68. Bxg1+ Kxg1 0-1

[Event "Barbera del Valles"]
[Site "XXXI Open del Valles"]
[Date "2008.07.09"]
[Round "5"]
[White "Alonso Moyano, Jonathan"]
[Black "Cuartas, Jaime Alexander"]
[Result "0-1"]
[WhiteElo "2372"]
[BlackElo "2495"]
[PlyCount "128"]
[EventDate "2008.07.??"]
[EventType "swiss"]
[EventRounds "9"]
[EventCountry "ESP"]
[SourceDate "2008.07.04"]

1. e4 c6 2. d4 d5 3. e5 Bf5 4. Nf3 e6 5. Be2 Nd7 6. O-O h6 7. c4 Ne7 8. Nc3
dxc4 9. Bxc4 Nb6 10. Bd3 Nbd5 11. Be3 Qd7 12. Ne4 Nc8 13. Rc1 Be7 14. a3 a6 15.
Qe2 Na7 16. Rfd1 Nb5 17. h3 Rd8 18. Bb1 Qc7 19. a4 Na7 20. Nd6+ Bxd6 21. exd6
Qxd6 22. Bxf5 exf5 23. Bxh6+ Kf8 24. Bd2 f6 25. Qd3 Qd7 26. Re1 Kf7 27. Re2
Rde8 28. Rxe8 Rxe8 29. Re1 Rxe1+ 30. Nxe1 Nc8 31. f3 Nd6 32. g4 fxg4 33. hxg4
f5 34. g5 Qe6 35. Ng2 g6 36. b3 Qe7 37. Kf2 Ne8 38. Qc4 Nec7 39. Ne1 Ne6 40.
Nd3 Qd8 41. Nc5 Qc7 42. Nxe6 Qh2+ 43. Ke1 Qg1+ 44. Ke2 Kxe6 45. Qd3 Kd7 46. b4
b5 47. axb5 axb5 48. Qa3 Qxd4 49. Qa8 Qe5+ 50. Kd1 Qg3 51. Qa7+ Ke6 52. Qg7
Qxf3+ 53. Kc1 Qa3+ 54. Kd1 Qb3+ 55. Kc1 Qc4+ 56. Kb2 Ne7 57. Bc3 f4 58. Ka3 Qe4
59. Bf6 Nd5 60. Qf8 Kf5 61. Qc8+ Qe6 62. Qh8 Kg4 63. Qh1 Qe3+ 64. Kb2 f3 0-1

[Event "Barbera del Valles"]
[Site "XXXI Open del Valles"]
[Date "2008.07.09"]
[Round "5"]
[White "Ryan, Joseph"]
[Black "Rojas, Luis"]
[Result "0-1"]
[WhiteElo "2331"]
[BlackElo "2406"]
[PlyCount "124"]
[EventDate "2008.07.??"]
[EventType "swiss"]
[EventRounds "9"]
[EventCountry "ESP"]
[SourceDate "2008.07.04"]

1. e4 e6 2. d4 d5 3. Nc3 Bb4 4. e5 c5 5. a3 Bxc3+ 6. bxc3 Qa5 7. Bd2 Qa4 8. Rb1
c4 9. Qc1 Nc6 10. Nf3 f6 11. Be2 fxe5 12. Nxe5 Nf6 13. Nxc6 Qxc6 14. f3 O-O 15.
Bf4 Bd7 16. O-O Be8 17. Re1 Bg6 18. Bd1 Rf7 19. Be5 Nd7 20. Bg3 h6 21. Qb2 Nb6
22. Qb5 Na4 23. Re3 a5 24. Kf2 Bf5 25. Ke1 Ra6 26. Kd2 Rb6 27. Qxc6 bxc6 28.
Rxb6 Nxb6 29. Bd6 h5 30. h4 Kh7 31. Re5 Na4 32. Re1 Rb7 33. g4 hxg4 34. fxg4
Be4 35. Rf1 Rb1 36. Rf7 Nxc3 37. Kxc3 Rxd1 38. Be5 Rc1 39. Rxg7+ Kh6 40. Kd2
Rxc2+ 41. Kd1 Rg2 42. Re7 Bf3+ 43. Kc1 Bxg4 44. Rc7 Kg6 45. Rxc6 Kf5 46. Rb6
Ke4 47. Rb2 Rg1+ 48. Kc2 Ra1 49. Rb1 Rxa3 50. Re1+ Kf3 51. Rg1 Bf5+ 52. Kb2
Rb3+ 53. Ka2 Kf2 54. Rh1 a4 55. h5 c3 56. h6 Bh7 57. Rh2+ Kf3 58. Rh3+ Ke4 59.
Rh1 Kd3 60. Rb1 Kc4 61. Rg1 Rb2+ 62. Ka1 Kb3 0-1

[Event "Barbera del Valles"]
[Site "XXXI Open del Valles"]
[Date "2008.07.09"]
[Round "5"]
[White "Mihailovs, Jurijs"]
[Black "Vilela, Jose Luis"]
[Result "1-0"]
[WhiteElo "2388"]
[BlackElo "2347"]
[PlyCount "115"]
[EventDate "2008.07.??"]
[EventType "swiss"]
[EventRounds "9"]
[EventCountry "ESP"]
[SourceDate "2008.07.04"]

1. d4 Nf6 2. c4 e6 3. Nf3 b6 4. a3 Bb7 5. Nc3 d5 6. cxd5 Nxd5 7. Qc2 Nxc3 8.
Qxc3 Nd7 9. Bg5 Be7 10. Bxe7 Kxe7 11. e3 Nf6 12. Be2 Qd6 13. O-O Rhc8 14. Rfd1
c5 15. Qe1 Kf8 16. Rac1 Qe7 17. dxc5 Rxc5 18. Rxc5 Qxc5 19. Rc1 Qd6 20. Nd4 a6
21. Qf1 g6 22. h3 Kg7 23. Qd1 Rd8 24. Qa4 b5 25. Qa5 Rc8 26. Rxc8 Bxc8 27. Qc3
Bb7 28. Nb3 e5 29. Nc5 Ne4 30. Nxb7 Nxc3 31. Nxd6 Nxe2+ 32. Kf1 Nc1 33. Ne8+
Kf8 34. Nc7 Nd3 35. Nxa6 Nxb2 36. Nc7 Ke7 37. Nxb5 Kd7 38. Ke2 Kc6 39. Nc3 f5
40. e4 Kc5 41. exf5 gxf5 42. g4 fxg4 43. hxg4 Kd4 44. Nb5+ Kc4 45. Nd6+ Kb3 46.
Nf7 Kxa3 47. Nxe5 Kb4 48. Nd3+ Nxd3 49. Kxd3 Kc5 50. Ke4 Kd6 51. Kf5 Ke7 52.
Kg5 Kf7 53. Kh6 Kg8 54. f4 Kh8 55. g5 Kg8 56. f5 Kh8 57. f6 Kg8 58. f7+ 1-0

[Event "Barbera del Valles"]
[Site "XXXI Open del Valles"]
[Date "2008.07.09"]
[Round "5"]
[White "Gomez Jurado, Luis Alberto"]
[Black "Ravot, Sylvain"]
[Result "0-1"]
[WhiteElo "2299"]
[BlackElo "2236"]
[PlyCount "120"]
[EventDate "2008.07.??"]
[EventType "swiss"]
[EventRounds "9"]
[EventCountry "ESP"]
[SourceDate "2008.07.04"]

1. d4 d5 2. Nf3 c6 3. c4 e6 4. Nc3 dxc4 5. e3 b5 6. a4 Bb4 7. Bd2 a5 8. axb5
Bxc3 9. Bxc3 cxb5 10. b3 Bb7 11. bxc4 b4 12. Bb2 Nf6 13. Bd3 O-O 14. O-O Nbd7
15. Nd2 Re8 16. f4 Nc5 17. Bc2 Nce4 18. Nf3 Ng4 19. Qe2 f5 20. Rfc1 Re7 21. h3
Ngf6 22. Ne5 Nd7 23. Ba4 Nxe5 24. fxe5 Rc7 25. Bb3 Qe8 26. d5 Nc5 27. Ba2 a4
28. Bd4 b3 29. d6 Rcc8 30. Bb1 a3 31. Rd1 Qc6 32. Kh2 b2 33. Ra2 Nb3 34. Qf1
Nc5 35. Bc3 Ra4 36. d7 Nxd7 37. Rd6 Qxc4 38. Qxc4 Rcxc4 39. Rxd7 Be4 40. Bxe4
Rxc3 41. Bb1 Rc1 42. Bd3 Ra1 43. Rxb2 axb2 44. Rb7 R4a3 45. Bc2 Rxe3 46. Rxb2
Rxe5 47. Rb7 Rae1 48. Bb3 R1e4 49. Kg1 h5 50. Kh2 Kh7 51. Kg3 Kg6 52. Kh2 Kf6
53. Bd1 g6 54. Bf3 Rd4 55. Ra7 h4 56. Rb7 Re1 57. Rc7 g5 58. Bh5 g4 59. hxg4
fxg4 60. Rf7+ Ke5 0-1

[Event "Barbera del Valles"]
[Site "XXXI Open del Valles"]
[Date "2008.07.09"]
[Round "5"]
[White "Avila Jimenez, Javier"]
[Black "Obon Temprano, Sergi"]
[Result "1/2-1/2"]
[WhiteElo "2286"]
[BlackElo "2211"]
[PlyCount "102"]
[EventDate "2008.07.??"]
[EventType "swiss"]
[EventRounds "9"]
[EventCountry "ESP"]
[SourceDate "2008.07.04"]

1. d4 e6 2. c4 d5 3. Nc3 Nf6 4. cxd5 exd5 5. Bg5 Be7 6. e3 O-O 7. Bd3 c6 8. Qc2
Nbd7 9. Nf3 Re8 10. h3 Nf8 11. O-O g6 12. Bxf6 Bxf6 13. b4 Be6 14. Na4 Nd7 15.
Rfc1 Rc8 16. Rab1 b5 17. Nc5 Nb6 18. Ra1 Nc4 19. a4 Rc7 20. Ra2 Be7 21. axb5
Bxc5 22. dxc5 cxb5 23. Rca1 d4 24. exd4 Bd5 25. Bxc4 bxc4 26. Ne5 Qg5 27. Ng4
c3 28. Ra6 Kg7 29. f3 Qd2 30. Qxd2 cxd2 31. Kf2 Bc4 32. R6a3 Re2+ 33. Kg3 Re1
34. Ne3 Bb3 35. Kf2 d1=Q 36. Nxd1 Rxd1 37. Rxd1 Bxd1 38. d5 Bc2 39. d6 Rd7 40.
g4 Kf6 41. b5 Rd8 42. Rxa7 Bb3 43. Re7 Be6 44. Ke3 Ke5 45. f4+ Kd5 46. f5 gxf5
47. gxf5 Bxf5 48. Rxf7 Bxh3 49. Rxh7 Kxc5 50. Rxh3 Rxd6 51. Rh5+ Kb6 1/2-1/2

[Event "Barbera del Valles"]
[Site "XXXI Open del Valles"]
[Date "2008.07.09"]
[Round "5"]
[White "Danelia, Mariam"]
[Black "Mestre Bellido, Hector"]
[Result "1-0"]
[WhiteElo "2185"]
[BlackElo "2284"]
[PlyCount "101"]
[EventDate "2008.07.??"]
[EventType "swiss"]
[EventRounds "9"]
[EventCountry "ESP"]
[SourceDate "2008.07.04"]

1. d4 d5 2. c4 c6 3. Nf3 Nf6 4. Nc3 a6 5. c5 Bg4 6. Ne5 Bh5 7. Qb3 Ra7 8. Bf4
Nbd7 9. e3 Nxe5 10. Bxe5 Nd7 11. Bg3 e5 12. Be2 Bxe2 13. Nxe2 g6 14. O-O Bg7
15. Qc2 O-O 16. dxe5 Nxe5 17. Nd4 Re8 18. Rfd1 Qe7 19. Rac1 f5 20. b3 Raa8 21.
Qe2 Qf7 22. Qc2 Rf8 23. Re1 Rae8 24. Nf3 Nxf3+ 25. gxf3 Be5 26. Bxe5 Rxe5 27.
f4 Re4 28. f3 Re6 29. Rcd1 Rfe8 30. Qc3 Qe7 31. Rd3 Qh4 32. Re2 Kf7 33. Qe1 Qf6
34. Qd2 R8e7 35. Kf1 Ke8 36. Ke1 Kd7 37. Qb4 Kc8 38. Qd2 Re8 39. Qd1 Kb8 40.
Qd2 Ka7 41. Kf1 Qh4 42. Kg1 g5 43. fxg5 f4 44. Qb4 Qxg5+ 45. Rg2 Qf5 46. e4 Qf6
47. h3 dxe4 48. Qb6+ Ka8 49. Rd7 Rb8 50. Rxb7 Qd4+ 51. Kh2 1-0

[Event "Barbera del Valles"]
[Site "XXXI Open del Valles"]
[Date "2008.07.09"]
[Round "5"]
[White "Vigo Allepuz, David"]
[Black "Tsatsalashvili, Keti"]
[Result "0-1"]
[WhiteElo "2156"]
[BlackElo "2271"]
[PlyCount "106"]
[EventDate "2008.07.??"]
[EventType "swiss"]
[EventRounds "9"]
[EventCountry "ESP"]
[SourceDate "2008.07.04"]

1. d4 Nf6 2. c4 e6 3. Nc3 d5 4. Bg5 Bb4 5. cxd5 exd5 6. Qc2 O-O 7. e3 c5 8. a3
Bxc3+ 9. Qxc3 cxd4 10. Qxd4 Nc6 11. Qh4 Bf5 12. Nf3 Re8 13. Be2 Re4 14. Bxf6
gxf6 15. Qh6 Bg6 16. h4 Ne7 17. Nd4 Kh8 18. h5 Ng8 19. hxg6 Nxh6 20. Rxh6 fxg6
21. O-O-O Re7 22. Rdh1 Kg8 23. Bd3 Qe8 24. Bxg6 Qxg6 25. Rxg6+ hxg6 26. Kd2 Rc8
27. Rd1 Rec7 28. Ke2 a6 29. Rd2 Kf7 30. Rd1 Rc1 31. Rd2 b6 32. Kd3 f5 33. Ne2
R1c5 34. Nd4 Kf6 35. Rd1 Rh8 36. Rd2 g5 37. g3 Rh2 38. Nf3 Rh1 39. Ke2 Rhc1 40.
Nd4 Rb1 41. Kf3 Ke5 42. g4 fxg4+ 43. Kxg4 Rg1+ 44. Kf3 Rcc1 45. Nc2 Rcd1 46.
Rd4 Rxd4 47. exd4+ Ke6 48. Nb4 a5 49. Nd3 Kf5 50. Ke3 g4 51. Nf4 Re1+ 52. Ne2
Rxe2+ 53. Kxe2 Ke4 0-1

[Event "Barbera del Valles"]
[Site "XXXI Open del Valles"]
[Date "2008.07.09"]
[Round "5"]
[White "Hernandez Casillas, Joan Josep"]
[Black "Capellades Subirana, Marc"]
[Result "1/2-1/2"]
[WhiteElo "2150"]
[BlackElo "2265"]
[PlyCount "142"]
[EventDate "2008.07.??"]
[EventType "swiss"]
[EventRounds "9"]
[EventCountry "ESP"]
[SourceDate "2008.07.04"]

1. d4 Nf6 2. c4 e6 3. Nc3 Bb4 4. Qc2 d5 5. e3 Ne4 6. Nf3 Nd7 7. Bd3 f5 8. O-O
c6 9. Ne5 O-O 10. f3 Nxc3 11. bxc3 Bd6 12. f4 Nf6 13. a4 Bd7 14. Ba3 Be8 15.
Rfb1 b6 16. a5 c5 17. axb6 axb6 18. Bc1 Rxa1 19. Rxa1 Ne4 20. cxd5 exd5 21. c4
Bxe5 22. dxe5 Bc6 23. Bb2 Kh8 24. Bxe4 dxe4 25. Rd1 Qc7 26. Rd6 Rd8 27. Qc3 Kg8
28. h3 Be8 29. Kf2 Qe7 30. g3 Rb8 31. Ke1 Rb7 32. Qa3 Qc7 33. Kd2 b5 34. cxb5
Rxb5 35. Bc3 Rb6 36. Rxb6 Qxb6 37. Qa8 Qc6 38. Qxc6 Bxc6 39. Ba5 Kf7 40. Kc3
Bd5 41. Bb6 c4 42. Kb4 Ke6 43. Bd4 Kd7 44. Kc5 Be6 45. Bc3 h6 46. Ba5 g5 47.
fxg5 hxg5 48. Bd2 Ke7 49. Kd4 Kf7 50. Ba5 Kg6 51. Bd8 Bg8 52. Kc3 f4 53. gxf4
gxf4 54. exf4 Kf5 55. Bg5 e3 56. h4 Bf7 57. h5 Bxh5 58. Kxc4 e2 59. Bh4 Kxf4
60. e6 Kg4 61. Be1 Kf5 62. Kd5 Bg6 63. Kd6 Bh5 64. Kd7 Ke5 65. e7 Ke4 66. e8=Q+
Bxe8+ 67. Kxe8 Kd3 68. Kd7 Kc2 69. Ke6 Kd1 70. Bh4 e1=Q+ 71. Bxe1 Kxe1 1/2-1/2

[Event "Barbera del Valles"]
[Site "XXXI Open del Valles"]
[Date "2008.07.09"]
[Round "5"]
[White "Lasinskas, Povilas"]
[Black "Butuc, Maria"]
[Result "1-0"]
[WhiteElo "2269"]
[BlackElo "2188"]
[PlyCount "125"]
[EventDate "2008.07.??"]
[EventType "swiss"]
[EventRounds "9"]
[EventCountry "ESP"]
[SourceDate "2008.07.04"]

1. d4 d5 2. Bg5 h6 3. Bh4 c6 4. Nc3 Qb6 5. Rb1 Bf5 6. e3 e6 7. Bd3 Bxd3 8. Qxd3
Be7 9. Bg3 Nf6 10. Nf3 Qa6 11. b4 Qxd3 12. cxd3 Nbd7 13. a4 Nh5 14. Be5 f6 15.
Bc7 Rc8 16. g4 Rxc7 17. gxh5 Kf7 18. Kd2 Bd6 19. Nh4 Re8 20. f4 f5 21. Ne2 b6
22. Nf3 c5 23. bxc5 bxc5 24. Ne5+ Bxe5 25. dxe5 Rb8 26. Rxb8 Nxb8 27. Rb1 Nd7
28. Nc3 a6 29. a5 Ke7 30. Na4 c4 31. d4 Ke8 32. Kc3 Kf7 33. Rb4 g6 34. Nb6 gxh5
35. Nxd7 Rxd7 36. Rb6 Ra7 37. h4 Ke7 38. Rb8 Kf7 39. Kc2 Kg7 40. Rc8 Kf7 41.
Rc6 Ke7 42. Rb6 Kf7 43. Kd2 Ke7 44. Kc3 Kf7 45. Rc6 Ke7 46. Rb6 Kf7 47. Rb8 Kg7
48. Rc8 Kf7 49. Kb4 Rb7+ 50. Kc5 Rb3 51. Kd6 Rxe3 52. Rc7+ Kg6 53. Kxe6 Ra3 54.
Rc5 Rf3 55. Kxd5 Rxf4 56. Rc6+ Kf7 57. Kxc4 Rxh4 58. Rf6+ Ke7 59. Rxf5 Rh1 60.
Rf6 h4 61. Rxa6 h3 62. Rxh6 h2 63. Kd5 1-0

[Event "Barbera del Valles"]
[Site "XXXI Open del Valles"]
[Date "2008.07.09"]
[Round "5"]
[White "Sadrija, Enver"]
[Black "Debray, Tristan"]
[Result "0-1"]
[WhiteElo "2265"]
[BlackElo "2145"]
[PlyCount "42"]
[EventDate "2008.07.??"]
[EventType "swiss"]
[EventRounds "9"]
[EventCountry "ESP"]
[SourceDate "2008.07.04"]

1. e4 Nf6 2. Nc3 d5 3. e5 Nfd7 4. d4 c5 5. Nf3 cxd4 6. Qxd4 e6 7. Bb5 a6 8. Qa4
Bc5 9. O-O axb5 10. Qxa8 Nc6 11. Bg5 f6 12. exf6 gxf6 13. Bxf6 Nxf6 14. Nxb5
Ne4 15. Nbd4 Bxd4 16. Nxd4 Nxd4 17. Rad1 Nf5 18. Rfe1 Qc7 19. Qa4+ Bd7 20. Qb4
Qxc2 21. f3 Rg8 0-1

[Event "Barbera del Valles"]
[Site "XXXI Open del Valles"]
[Date "2008.07.09"]
[Round "5"]
[White "Canal Oliveras, Joan"]
[Black "Losada Cabrera, Francisco Javier"]
[Result "1-0"]
[WhiteElo "2241"]
[BlackElo "2165"]
[PlyCount "57"]
[EventDate "2008.07.??"]
[EventType "swiss"]
[EventRounds "9"]
[EventCountry "ESP"]
[SourceDate "2008.07.04"]

1. e4 c5 2. c3 d6 3. d4 Nf6 4. d5 Nbd7 5. Nd2 g6 6. f4 Bg7 7. Ngf3 O-O 8. a4 e6
9. dxe6 fxe6 10. Bd3 d5 11. Qe2 b6 12. O-O Bb7 13. Ng5 Re8 14. e5 Nh5 15. Qg4
Nf8 16. Nxh7 Nxh7 17. Bxg6 N5f6 18. exf6 Nxf6 19. Qh3 Re7 20. Nf3 Bc6 21. Re1
Qd6 22. Ne5 Be8 23. Be3 Bxg6 24. Nxg6 Ree8 25. Bf2 Kf7 26. Ne5+ Ke7 27. Bh4 Qc7
28. Ng4 Qd6 29. Bxf6+ 1-0

[Event "Barbera del Valles"]
[Site "XXXI Open del Valles"]
[Date "2008.07.09"]
[Round "5"]
[White "Pellus Ruiz, Josep"]
[Black "Ridameya Tatche, Jose Miguel"]
[Result "1/2-1/2"]
[WhiteElo "2219"]
[BlackElo "2133"]
[PlyCount "36"]
[EventDate "2008.07.??"]
[EventType "swiss"]
[EventRounds "9"]
[EventCountry "ESP"]
[SourceDate "2008.07.04"]

1. c4 e5 2. g3 Nf6 3. Bg2 Bc5 4. Nc3 Nc6 5. e3 O-O 6. Nge2 Re8 7. O-O e4 8. d3
exd3 9. Nf4 d6 10. Nxd3 Bb6 11. h3 Bf5 12. b3 Qd7 13. Kh2 Bxd3 14. Qxd3 Ne5 15.
Qe2 c6 16. Rd1 Rad8 17. Bb2 Qf5 18. Kg1 h5 1/2-1/2

[Event "Barbera del Valles"]
[Site "XXXI Open del Valles"]
[Date "2008.07.09"]
[Round "5"]
[White "Leks, Hanna"]
[Black "Ortega Serra, Marc"]
[Result "1-0"]
[WhiteElo "2198"]
[BlackElo "1974"]
[PlyCount "49"]
[EventDate "2008.07.??"]
[EventType "swiss"]
[EventRounds "9"]
[EventCountry "ESP"]
[SourceDate "2008.07.04"]

1. e4 d5 2. exd5 Nf6 3. d4 Nxd5 4. Be2 Bf5 5. Nf3 e6 6. O-O Be7 7. a3 O-O 8. c4
Nb6 9. Nc3 Bf6 10. h3 h6 11. Be3 Nc6 12. b4 Re8 13. b5 Na5 14. c5 Nd5 15. Bd2
b6 16. Nxd5 Qxd5 17. Bxa5 bxa5 18. Qa4 e5 19. Bc4 Qb7 20. dxe5 Bxe5 21. Rae1
Bc3 22. Rxe8+ Rxe8 23. Qb3 Bxh3 24. Bxf7+ Kf8 25. Bxe8 1-0

[Event "Barbera del Valles"]
[Site "XXXI Open del Valles"]
[Date "2008.07.09"]
[Round "5"]
[White "Costa Trave, Jaume"]
[Black "Esquivel, Luis"]
[Result "0-1"]
[WhiteElo "2027"]
[BlackElo "2178"]
[PlyCount "70"]
[EventDate "2008.07.??"]
[EventType "swiss"]
[EventRounds "9"]
[EventCountry "ESP"]
[SourceDate "2008.07.04"]

1. d4 d5 2. Nc3 e6 3. Bf4 Bd6 4. Bg3 Nf6 5. e3 O-O 6. Bd3 c5 7. Nf3 Nc6 8. a3
a6 9. Bh4 Qc7 10. h3 b5 11. O-O c4 12. Be2 Ne4 13. Nxe4 dxe4 14. Nd2 f5 15. f4
Be7 16. Qe1 Qd8 17. Bg3 Bf6 18. c3 Ne7 19. Bd1 Nd5 20. Bc2 Kh8 21. Qe2 g6 22.
Bh2 Rg8 23. Kh1 g5 24. g3 Bb7 25. Rae1 Qf8 26. Rf2 Qh6 27. Qf1 gxf4 28. gxf4
Bh4 29. Bg1 Bxf2 30. Bxf2 Nxf4 31. Kh2 Rg7 32. Bg3 Ng6 33. Qf2 Rag8 34. Rg1 Bc8
35. Qf1 Qxe3 0-1

[Event "Barbera del Valles"]
[Site "XXXI Open del Valles"]
[Date "2008.07.09"]
[Round "5"]
[White "Chalmeta Ugas, Ramon"]
[Black "Albets Armengol, Roland"]
[Result "1-0"]
[WhiteElo "2175"]
[BlackElo "1979"]
[PlyCount "101"]
[EventDate "2008.07.??"]
[EventType "swiss"]
[EventRounds "9"]
[EventCountry "ESP"]
[SourceDate "2008.07.04"]

1. e4 g6 2. d4 Bg7 3. c4 d6 4. Nc3 Nf6 5. f3 O-O 6. Be3 c5 7. Nge2 b6 8. Qd2
Nc6 9. d5 Ne5 10. b3 a6 11. Ng3 Rb8 12. Be2 Ne8 13. Bh6 f5 14. Bxg7 Nxg7 15. f4
Nf7 16. O-O fxe4 17. Ncxe4 Nf5 18. Nxf5 Bxf5 19. Ng3 Nh6 20. Rae1 Rb7 21. Bd1
Qe8 22. h3 Qf7 23. Nh1 Qg7 24. g4 Bc8 25. Ng3 b5 26. Be2 b4 27. Bd3 Nf7 28. Kg2
Ra7 29. Re2 Nd8 30. Qc2 e6 31. Be4 Bb7 32. dxe6 Nxe6 33. Bxb7 Nd4 34. Bd5+ Kh8
35. Qb2 Nxe2 36. Qxg7+ Kxg7 37. Nxe2 Re7 38. Ng3 Rfe8 39. f5 Kf6 40. h4 gxf5
41. Nh5+ Ke5 42. gxf5 Kd4 43. f6 Re2+ 44. Rf2 Rxf2+ 45. Kxf2 Rf8 46. f7 Kc3 47.
Nf6 h6 48. Nh7 Rxf7+ 49. Bxf7 Kb2 50. Be8 Kxa2 51. Ba4 1-0

[Event "Barbera del Valles"]
[Site "XXXI Open del Valles"]
[Date "2008.07.09"]
[Round "5"]
[White "Bardera Gil, Sergi"]
[Black "Palacios Pena, Gerardo"]
[Result "0-1"]
[WhiteElo "2101"]
[BlackElo "2034"]
[PlyCount "86"]
[EventDate "2008.07.??"]
[EventType "swiss"]
[EventRounds "9"]
[EventCountry "ESP"]
[SourceDate "2008.07.04"]

1. e4 c6 2. d4 d5 3. Nc3 dxe4 4. Nxe4 Nf6 5. Nxf6+ exf6 6. Nf3 Bd6 7. Be2 O-O
8. O-O Re8 9. c3 Nd7 10. h3 Nf8 11. Bd3 Be6 12. Nh4 Ng6 13. Qh5 Bc7 14. Nf5 Qd7
15. h4 Bxf5 16. Bxf5 Qe7 17. Bd3 Rad8 18. Qg4 c5 19. h5 Nf8 20. Bh6 g6 21. Rae1
Qd6 22. g3 cxd4 23. Bxf8 Qxf8 24. hxg6 hxg6 25. cxd4 Kg7 26. Rc1 Bb6 27. Rc4
Qe7 28. Rfc1 Qe6 29. Qf4 Qd5 30. Bf1 Bxd4 31. Bg2 Qe5 32. Qf3 Qe2 33. R1c2 Qe1+
34. Bf1 Bb6 35. Qxb7 Rd1 36. Qg2 Qa5 37. Re4 Rxe4 38. Qxe4 Qxa2 39. Qe2 Qb1 40.
Qc4 Rxf1+ 41. Kg2 Rg1+ 42. Kf3 Qd1+ 43. Re2 Re1 0-1

[Event "Barbera del Valles"]
[Site "XXXI Open del Valles"]
[Date "2008.07.10"]
[Round "6"]
[White "Bruzon Batista, Lazaro"]
[Black "Corrales Jimenez, Fidel"]
[Result "1-0"]
[WhiteElo "2592"]
[BlackElo "2504"]
[PlyCount "65"]
[EventDate "2008.07.??"]
[EventType "swiss"]
[EventRounds "9"]
[EventCountry "ESP"]
[SourceDate "2008.07.04"]

1. c4 e6 2. Nc3 d5 3. d4 Be7 4. cxd5 exd5 5. Bf4 Nf6 6. e3 Bf5 7. Qb3 Nc6 8.
Rc1 O-O 9. Nf3 Nb4 10. Qd1 c5 11. dxc5 Bg4 12. Be2 Bxc5 13. O-O Be7 14. h3 Be6
15. Nd4 a6 16. Qb3 Ne8 17. Rfd1 Kh8 18. Nxe6 fxe6 19. Bg4 Bd6 20. Bxe6 Bxf4 21.
Qxb4 Bd6 22. Qd4 Qe7 23. Bxd5 Rd8 24. Qe4 Qf6 25. Rf1 b5 26. Qe6 Qh4 27. g3
Bxg3 28. fxg3 Qxg3+ 29. Bg2 Nf6 30. Rf3 Qg5 31. Ne4 Qd5 32. Qxd5 Nxd5 33. Ng5
1-0